| 000 | 00457nam a2200181Ia 4500 | ||
|---|---|---|---|
| 001 | 8209 | ||
| 003 | IN-NITTTR | ||
| 005 | 20251114233035.0 | ||
| 008 | 251113s9999||||xx |||||||||||||| ||eng|| | ||
| 040 | _beng | ||
| 040 | _cIN-NITTTR | ||
| 041 | _aeng | ||
| 082 | _a620.1 D536E | ||
| 100 | _aDhavlikar, D.G. | ||
| 245 | 0 |
_aElementary applied mechnics / _cDhavlikar, D.G., Shrivastava, Ramkrishna |
|
| 700 | _a Shrivastava, Ramkrishna | ||
| 942 |
_2ddc _cBK |
||
| 999 |
_c10847 _d10847 |
||